| 000 | 00936cam a22002533a 4500 | ||
|---|---|---|---|
| 001 | 10714 | ||
| 003 | PGUSA | ||
| 005 | 20140828083228.0 | ||
| 008 | 040101s2004||||xxu|||||s|||||000 | eng d | ||
| 040 |
_aPGUSA _beng |
||
| 042 | _adc | ||
| 050 | 4 | _aB | |
| 100 | 1 |
_aSchopenhauer, Arthur, _d1788-1860 |
|
| 245 | 1 | 4 |
_aThe Essays of Arthur Schopenhauer; The Art of Literature _h[electronic resource] / _cArthur Schopenhauer |
| 260 |
_bProject Gutenberg, _c2004 |
||
| 505 | 0 | _aOn authorship -- On style -- On the study of Latin -- On men of learning -- On thinking for oneself -- On some forms of literature -- On criticism -- On reputation -- On genius. | |
| 506 | _aPublic domain in the USA. | ||
| 516 | _aElectronic text | ||
| 653 | _aLiterature -- Philosophy | ||
| 700 | 1 |
_aSaunders, T. Bailey _q(Thomas Bailey), _d1860-1928 |
|
| 830 | 0 |
_aProject Gutenberg _v10714 |
|
| 856 | 4 | 0 | _uhttp://www.gutenberg.org/ebooks/10714 |
| 942 | _cEB | ||
| 999 |
_c239969 _d239969 |
||